<The> Swedish journal of economics

Guardado en:
Detalles Bibliográficos
Formato: Seriadas
Lenguaje:inglés
Publicado: Helsinki Wiksells AB. 1969
Etiquetas: Agregar Etiqueta
Sin Etiquetas, Sea el primero en etiquetar este registro!

MARC

LEADER 00000nas2a2200000$$$4500
001 0021221
005 20250730114413.2
041 0 |a eng 
044 |a SE 
245 1 0 |a <The> Swedish journal of economics 
264 1 |a Helsinki  |b Wiksells AB.  |c 1969 
300 |a 1 zv. 
773 0 |w eu_un_cat*0021217